|
|
|
|
| LEADER |
02931nam a2200445 4500 |
| 001 |
978-3-658-24165-0 |
| 003 |
DE-He213 |
| 005 |
20191022152250.0 |
| 007 |
cr nn 008mamaa |
| 008 |
190328s2019 gw | s |||| 0|eng d |
| 020 |
|
|
|a 9783658241650
|9 978-3-658-24165-0
|
| 024 |
7 |
|
|a 10.1007/978-3-658-24165-0
|2 doi
|
| 040 |
|
|
|d GrThAP
|
| 050 |
|
4 |
|a TH1-9745
|
| 072 |
|
7 |
|a TN
|2 bicssc
|
| 072 |
|
7 |
|a TEC009020
|2 bisacsh
|
| 072 |
|
7 |
|a TNKE
|2 thema
|
| 082 |
0 |
4 |
|a 690
|2 23
|
| 100 |
1 |
|
|a Jovanović, Vladimir.
|e author.
|4 aut
|4 http://id.loc.gov/vocabulary/relators/aut
|
| 245 |
1 |
0 |
|a Energy-efficient building design in Southeast Europe
|h [electronic resource] /
|c by Vladimir Jovanović.
|
| 250 |
|
|
|a 1st ed. 2019.
|
| 264 |
|
1 |
|a Wiesbaden :
|b Springer Fachmedien Wiesbaden :
|b Imprint: Springer Vieweg,
|c 2019.
|
| 300 |
|
|
|a XI, 116 p. 54 illus., 21 illus. in color.
|b online resource.
|
| 336 |
|
|
|a text
|b txt
|2 rdacontent
|
| 337 |
|
|
|a computer
|b c
|2 rdamedia
|
| 338 |
|
|
|a online resource
|b cr
|2 rdacarrier
|
| 347 |
|
|
|a text file
|b PDF
|2 rda
|
| 505 |
0 |
|
|a Introduction -- Traditional Homes -- Refurbishing Existing Building Stock -- Future Housing Designs -- Conclusion: Energy-Efficient Buildings in Southeast Europe.
|
| 520 |
|
|
|a The aim of the book is to improve conventional building design in Southeast Europe. This is done with proposing conceptual guidelines for designing energy-efficient buildings for different geographic regions of Serbia. The focus is on climate-appropriate design of building envelopes. To adress sustainability, economical, environmental and social aspects are evaluated. The body is divided into three main chapters: traditional houses, the existing housing stock, and design patterns for future buildings. The conclusions and the methodology can be applied in the rest of Southeast Europe, since Serbia has a unique position in the middle of the region, covering different geographical areas that spread far out of Serbia's borders. Contents Introduction - Traditional Homes - Refurbishing Existing Building Stock - Future Housing Designs - Conclusion Audience Students and Researcher focusing on energy-efficiency, Professionals working on building projects in Southeast Europe Author Dr. techn. Vladimir Jovanović, Architect with a focus on energy-efficient and sustainable building design.
|
| 650 |
|
0 |
|a Building construction.
|
| 650 |
|
0 |
|a Energy efficiency.
|
| 650 |
1 |
4 |
|a Building Physics, HVAC.
|0 http://scigraph.springernature.com/things/product-market-codes/T23080
|
| 650 |
2 |
4 |
|a Energy Efficiency.
|0 http://scigraph.springernature.com/things/product-market-codes/118000
|
| 710 |
2 |
|
|a SpringerLink (Online service)
|
| 773 |
0 |
|
|t Springer eBooks
|
| 776 |
0 |
8 |
|i Printed edition:
|z 9783658241643
|
| 776 |
0 |
8 |
|i Printed edition:
|z 9783658241667
|
| 856 |
4 |
0 |
|u https://doi.org/10.1007/978-3-658-24165-0
|z Full Text via HEAL-Link
|
| 912 |
|
|
|a ZDB-2-ENG
|
| 950 |
|
|
|a Engineering (Springer-11647)
|